<?xml version="1.0" encoding="UTF-8"?><?xml-stylesheet type="text/xsl" href="static/style.xsl"?><OAI-PMH xmlns="http://www.openarchives.org/OAI/2.0/" xmlns:xsi="http://www.w3.org/2001/XMLSchema-instance" xsi:schemaLocation="http://www.openarchives.org/OAI/2.0/ http://www.openarchives.org/OAI/2.0/OAI-PMH.xsd"><responseDate>2026-04-27T19:55:52Z</responseDate><request verb="GetRecord" identifier="oai:uvadoc.uva.es:10324/4335" metadataPrefix="marc">https://uvadoc.uva.es/oai/request</request><GetRecord><record><header><identifier>oai:uvadoc.uva.es:10324/4335</identifier><datestamp>2021-11-11T11:45:23Z</datestamp><setSpec>com_10324_38</setSpec><setSpec>col_10324_852</setSpec></header><metadata><record xmlns="http://www.loc.gov/MARC21/slim" xmlns:doc="http://www.lyncode.com/xoai" xmlns:xsi="http://www.w3.org/2001/XMLSchema-instance" xmlns:dcterms="http://purl.org/dc/terms/" xsi:schemaLocation="http://www.loc.gov/MARC21/slim http://www.loc.gov/standards/marcxml/schema/MARC21slim.xsd">
<leader>00925njm 22002777a 4500</leader>
<datafield tag="042" ind1=" " ind2=" ">
<subfield code="a">dc</subfield>
</datafield>
<datafield tag="720" ind1=" " ind2=" ">
<subfield code="a">Pastor Lanchares, Mario</subfield>
<subfield code="e">author</subfield>
</datafield>
<datafield tag="260" ind1=" " ind2=" ">
<subfield code="c">2013</subfield>
</datafield>
<datafield tag="520" ind1=" " ind2=" ">
<subfield code="a">El presente trabajo pretende analizar el modelo de aprendizaje de las ciencias experimentales a través de la indagación en la escuela y presentar una propuesta didáctica que permita mejorar su enseñanza en las aulas de Educación Primaria. Como punto de partida, se tomarán los hechos que se exponen en la introducción y la justificación y se establecerán una serie de objetivos sobre los que se especificará la propuesta didáctica con su consecuente exposición de resultados y análisis de la misma, ya que dicha propuesta ha sido implementada con un grupo de alumnos de 9 y 10 años de 4º curso de Educación Primaria, por lo que podemos constatar resultados y reflexiones sobre su puesta en práctica.</subfield>
</datafield>
<datafield tag="024" ind2=" " ind1="8">
<subfield code="a">http://uvadoc.uva.es/handle/10324/4335</subfield>
</datafield>
<datafield ind1=" " ind2=" " tag="653">
<subfield code="a">Ciencias experimentales</subfield>
</datafield>
<datafield ind1=" " ind2=" " tag="653">
<subfield code="a">Enseñanza - Métodos activos</subfield>
</datafield>
<datafield tag="245" ind1="0" ind2="0">
<subfield code="a">La enseñanza/aprendizaje de las ciencias a través de la indagación</subfield>
</datafield>
</record></metadata></record></GetRecord></OAI-PMH>